Country Capital Initials II Quiz Stats

Quiz Updated Oct 19, 2017

Challenge
Share
Tweet
Embed
Score 0/46 Timer 05:00
12 Plays Today
% Correct
Athens
91.7%
Jerusalem
89%
Oslo
88.5%
Ottawa
87.6%
Lisbon
86.8%
Canberra
84.3%
Wellington
83.8%
Santiago
81.6%
Nairobi
81.2%
Pyongyang
78.4%
Hanoi
76.9%
Jakarta
75.9%
Islamabad
74.7%
Sarajevo
73.2%
Riga
72.2%
Addis Ababa
71.8%
Ulaanbaatar
71.1%
Rabat
70.8%
Riyadh
70.6%
Amman
68.5%
Nassau
68.1%
Tirana
67.7%
Vaduz
67.2%
% Correct
Accra
66.9%
Andorra la Vella
66.8%
Abu Dhabi
65.7%
Poland (Warsaw)
65.2%
Santo Domingo
60.9%
Bishkek
58.6%
Windhoek
58.6%
Tbilisi
58.2%
Skopje
54.7%
Abuja
53.9%
Antananarivo
53.6%
Venezuela (Caracas)
52.1%
Suva
49.5%
Kazakhstan (Astana)
49.4%
Apia
46.9%
Thimphu
43.9%
Libreville
41.4%
Ashgabat
40.3%
Conakry
39.5%
The Gambia (Banjul)
37.8%
Vanuatu (Port Vila)
37.2%
Antigua and Barbuda (St. John's)
35.6%
Nuku'alofa
31.5%

You're not logged in!

Compare scores with friends on all Sporcle quizzes.
Sign Up with Email
OR
Log In

You Might Also Like...

Show Comments

Extras

Top Quizzes Today


Score Distribution

Your Account Isn't Verified!

In order to create a playlist on Sporcle, you need to verify the email address you used during registration. Go to your Sporcle Settings to finish the process.